[Event "Agai Sachdeva Memorial"]
[Site "Agra"]
[Date "2024.08.11"]
[Round "7"]
[White "Naveen, Kumar S"]
[Black "Patil, Abhishek"]
[Result "0-1"]
[WhiteElo "1787"]
[BlackElo "1679"]
[PlyCount "110"]
[EventDate "2024.08.09"]
[EventType "swiss"]
[EventRounds "9"]
[EventCountry "IND"]
[SourceTitle "EXT 2025"]
[Source "ChessBase"]
[SourceDate "2024.10.14"]
[SourceVersion "1"]
[SourceVersionDate "2024.10.14"]
[SourceQuality "1"]

1. d4 d5 2. Nc3 Nf6 3. Bf4 Bf5 4. e3 c6 5. f3 e6 6. g4 Bg6 7. h4 h5 8. g5 Nfd7 9. Bd3 Bxd3 10. Qxd3 g6 11. Nge2 Bg7 12. e4 Qb6 13. 0-0-0 Na6 14. a3 0-0 15. Bd6 Rfe8 16. Na4 Qa5 17. Nec3 Qd8 18. exd5 cxd5 19. Qb5 Qc8 20. Bg3 Nc7 21. Qb3 b6 22. Rd3 Qb7 23. Kb1 Qc6 24. Na2 Rac8 25. Rhd1 Nb5 26. N4c3 Nxc3+ 27. Nxc3 a6 28. Na2 b5 29. Re1 Qb6 30. c3 Bf8 31. Rde3 Bd6 32. Bxd6 Qxd6 33. Nb4 Red8 34. Qc2 Kg7 35. Nd3 Rc7 36. f4 Rdc8 37. Ne5 Nxe5 38. fxe5 Qe7 39. Rf3 a5 40. Qb3 b4 41. cxb4 axb4 42. axb4 Rc4 43. Ref1 Rf8 44. b5 Rxd4 45. Rf4 Rxf4 46. Rxf4 Rb8 47. b6 Qc5 48. Rb4 Qg1+ 49. Kc2 Rc8+ 50. Qc3 Qh2+ 51. Kb3 Rxc3+ 52. bxc3 Qxe5 53. b7 Qb8 54. Ka4 e5 55. Ka5 Qa7+ 0-1

[Event "Agai Sachdeva Memorial"]
[Site "Agra"]
[Date "2024.08.09"]
[Round "1"]
[White "Naveen, Kumar S"]
[Black "Shubh, Khatri"]
[Result "1-0"]
[WhiteElo "1787"]
[BlackElo "1501"]
[PlyCount "57"]
[EventDate "2024.08.09"]
[EventType "swiss"]
[EventRounds "9"]
[EventCountry "IND"]
[SourceTitle "EXT 2025"]
[Source "ChessBase"]
[SourceDate "2024.10.14"]
[SourceVersion "1"]
[SourceVersionDate "2024.10.14"]
[SourceQuality "1"]

1. d4 c5 2. d5 d6 3. Nc3 Nf6 4. e4 e6 5. Nf3 exd5 6. exd5 Bg4 7. Be2 Be7 8. 0-0 0-0 9. Nd2 Bxe2 10. Qxe2 Re8 11. Nc4 Nbd7 12. Bf4 Nb6 13. Rad1 Nxc4 14. Qxc4 Nh5 15. Rd3 a6 16. a4 Nxf4 17. Qxf4 Bf6 18. Ne4 Be5 19. Qg4 g6 20. Ng3 b5 21. f4 Bd4+ 22. Kh1 Kh8 23. f5 Qe7 24. c3 Be5 25. f6 Qd8 26. Ne4 Qc8 27. Qh4 Kg8 28. Qh6 Bf4 29. Qg7# 1-0

[Event "Agai Sachdeva Memorial"]
[Site "Agra"]
[Date "2024.08.09"]
[Round "3"]
[White "Naveen, Kumar S"]
[Black "Vakada, Sriram Jayin"]
[Result "0-1"]
[WhiteElo "1787"]
[BlackElo "1637"]
[PlyCount "100"]
[EventDate "2024.08.09"]
[EventType "swiss"]
[EventRounds "9"]
[EventCountry "IND"]
[SourceTitle "EXT 2025"]
[Source "ChessBase"]
[SourceDate "2024.10.14"]
[SourceVersion "1"]
[SourceVersionDate "2024.10.14"]
[SourceQuality "1"]

1. d4 Nf6 2. Nc3 d5 3. Bf4 e6 4. Nb5 Bd6 5. Nxd6+ cxd6 6. e3 0-0 7. Nf3 Nc6 8. Be2 Ne4 9. 0-0 Ne7 10. h3 Ng6 11. Bh2 Bd7 12. Nd2 Bc6 13. Nxe4 dxe4 14. c4 d5 15. c5 a5 16. b3 b5 17. cxb6 Qxb6 18. Rc1 Bb5 19. Rc5 Bxe2 20. Qxe2 Rfc8 21. Rfc1 Rxc5 22. dxc5 Qc6 23. a3 Ra7 24. b4 axb4 25. axb4 Rb7 26. Qb2 h6 27. Bd6 Nf8 28. Rb1 Rb5 29. Ra1 Nd7 30. Ra7 Nxc5 31. Qe5 Nd3 32. Qg3 Rb6 33. Be7 Qc1+ 34. Kh2 Qc8 35. Bf6 g6 36. Qh4 e5 37. b5 Qf8 38. Rd7 g5 39. Bxg5 hxg5 40. Qxg5+ Rg6 41. Qh4 Qh6 42. Qe7 Rf6 43. b6 Nxf2 44. Rd8+ Kh7 45. Qd7 Qxe3 46. Qc8 Qf4+ 47. Kg1 Nxh3+ 48. Qxh3+ Rh6 49. Qc3 Qh2+ 50. Kf1 Rf6+ 0-1

[Event "Agai Sachdeva Memorial"]
[Site "Agra"]
[Date "2024.08.09"]
[Round "2"]
[White "Vinoth, M."]
[Black "Naveen, Kumar S"]
[Result "0-1"]
[WhiteElo "1593"]
[BlackElo "1787"]
[PlyCount "80"]
[EventDate "2024.08.09"]
[EventType "swiss"]
[EventRounds "9"]
[EventCountry "IND"]
[SourceTitle "EXT 2025"]
[Source "ChessBase"]
[SourceDate "2024.10.14"]
[SourceVersion "1"]
[SourceVersionDate "2024.10.14"]
[SourceQuality "1"]

1. d4 Nf6 2. Bf4 g6 3. Nc3 d5 4. e3 a6 5. Nf3 Bg7 6. Bd3 0-0 7. 0-0 b6 8. Ne5 Bb7 9. Qf3 Nbd7 10. Qh3 Nxe5 11. Bxe5 Qc8 12. Qh4 Qd7 13. f4 c5 14. Rf3 Ne4 15. Rh3 h5 16. Bxg7 Kxg7 17. Rf1 e6 18. Be2 Qd8 19. Qe1 Rc8 20. Nxe4 dxe4 21. c3 Rh8 22. g4 hxg4 23. Rxh8 Qxh8 24. Bxg4 f5 25. Be2 cxd4 26. cxd4 Qh3 27. Bd1 Bd5 28. b3 a5 29. Qg3 Qxg3+ 30. hxg3 Rc1 31. Be2 Rc2 32. Kf2 Rxa2 33. Rb1 Rc2 34. Ke1 Rc3 35. Kd2 Rxb3 36. Rc1 a4 37. Rc7+ Kf8 38. g4 a3 39. gxf5 gxf5 40. Ra7 Rb2+ 0-1